Southville International School and Colleges
Your cart is empty.
  • Cart
  • Lists
    Public lists Eva Luna New books Lux_list list_1
    Your lists Log in to create your own lists
  • Log in to your account
  • Your cookies
  • Search history
Southville International School and Colleges
  • Advanced search
  • Recent comments
  • Most popular
  • Libraries

Log in to your account

Log in with GOOGLE


If you do not have an external account, but do have a local account, you can still log in:

  1. Home
  2. MARC view: Alcamo's laboratory fundamentals of microbiology /
Normal view MARC view ISBD view

Alcamo's laboratory fundamentals of microbiology / (Record no. 13564)

[ view plain ]
MARC details
000 -LEADER
fixed length control field 00550nam a22001817a 4500
003 - CONTROL NUMBER IDENTIFIER
control field OSt
005 - DATE AND TIME OF LATEST TRANSACTION
control field 20140310182443.0
008 - FIXED-LENGTH DATA ELEMENTS--GENERAL INFORMATION
fixed length control field 130803t xxu||||| |||| 00| 0 eng d
020 ## - INTERNATIONAL STANDARD BOOK NUMBER
International Standard Book Number 9789715847599
050 ## - LIBRARY OF CONGRESS CALL NUMBER
Classification number QR 63
Item number .P787 2007
100 ## - MAIN ENTRY--PERSONAL NAME
Personal name Pommerville, Jeffrey
9 (RLIN) 8933
245 ## - TITLE STATEMENT
Title Alcamo's laboratory fundamentals of microbiology /
Statement of responsibility, etc Jeffrey C. Pommerville
250 ## - EDITION STATEMENT
Edition statement 8th ed.
260 ## - PUBLICATION, DISTRIBUTION, ETC. (IMPRINT)
Place of publication, distribution, etc Sudbury, MA :
Name of publisher, distributor, etc Jones and Bartlett Publisher, Inc.,
Date of publication, distribution, etc c2007.
300 ## - PHYSICAL DESCRIPTION
Extent xii, 352 p. :
Other physical details ill. ;
Dimensions 26 cm.
942 ## - ADDED ENTRY ELEMENTS (KOHA)
Source of classification or shelving scheme Library of Congress Classification
Koha item type
Holdings
Withdrawn status Lost status Source of classification or shelving scheme Damaged status Home library Current library Shelving location Date acquired Total Checkouts Full call number Barcode Date last seen Copy number Price effective from Koha item type
    Library of Congress Classification   South SEED-LPDH College Library South SEED-LPDH College Library South SEED-LPDH College Section 08/03/2013   QR 63 .P787 2007 SSLC0246 04/20/2017 1 08/03/2013 Books

Alcamo's laboratory fundamentals of microbiology /

APA

Pommerville J., . (2007). Alcamo's laboratory fundamentals of microbiology. Sudbury, MA: Jones and Bartlett Publisher, Inc.

Chicago

Pommerville Jeffrey, . 2007. Alcamo's laboratory fundamentals of microbiology. Sudbury, MA: Jones and Bartlett Publisher, Inc.

Harvard

Pommerville J., . (2007). Alcamo's laboratory fundamentals of microbiology. Sudbury, MA: Jones and Bartlett Publisher, Inc.

MLA

Pommerville Jeffrey, . Alcamo's laboratory fundamentals of microbiology. Sudbury, MA: Jones and Bartlett Publisher, Inc. 2007.

  • Place hold
  • Print
  • Cite
  • Add to your cart (remove)
  • Save record
    BIBTEX Dublin Core MARCXML MARC (non-Unicode/MARC-8) MARC (Unicode/UTF-8) MARC (Unicode/UTF-8, Standard) MODS (XML) RIS
  • More searches
    Search for this title in:
    Other Libraries (WorldCat) Other Databases (Google Scholar) Online Stores (Bookfinder.com) Open Library (openlibrary.org)

Exporting to Dublin Core...

SOUTHVILLE LIBRARY

Southville International School and Colleges Library

1281 Tropical Ave. Cor. Luxembourg St., BF Homes International, Las Pinas City

Tel. No. 8256374 / 252358 Loc. 117/146

Powered by Koha